| 000 | 00526nam a2200193 a 4500 | ||
|---|---|---|---|
| 005 | 20220630124543.0 | ||
| 008 | 991125s1980 mx 000 0 spa u | ||
| 020 | _a9685828407 | ||
| 035 | _aUPN01000004585 | ||
| 049 | _aCG | ||
| 050 | 4 |
_aNX650 U7 _bO4.2 |
|
| 100 | 1 |
_aOlea, Oscar, _d1930- |
|
| 245 | 1 | 3 |
_aEl arte urbano / _cOscar Olea. |
| 260 |
_aMéxico : _bUNAM, _c1980. |
||
| 300 |
_a168 p. : _bil. (algunas col.) |
||
| 650 | 0 |
_aArte popular _zMéxico _92609 |
|
| 650 | 4 |
_aURBANISMO - _zMEXICO (D.F.) _922629 |
|
| 905 | _aLibro | ||
| 999 |
_c4585 _d4585 |
||